Estudios latinoamericanos sobre cultura y transformaciones sociales en tiempos de globalización /

Gespeichert in:
Bibliographische Detailangaben
1. Verfasser: Mato, Daniel
Körperschaften: CLACSO. Grupo de Trabajo Cultura y Transformaciones Sociales en Tiempo de Globalización, UNESCO ASDI CEAP CONICIT CIPOST
Weitere Verfasser: comp
Format: Text
Veröffentlicht: Caracas: CLACSO
Schlagworte:
Tags: Tag hinzufügen
Keine Tags, Fügen Sie den ersten Tag hinzu!

MARC

LEADER 00000 a a2200000 04500
001 27264
003
040
020 |a 950-9231-64-9  
090 |a 184200  
100 |a Mato, Daniel  
110 |a CLACSO. Grupo de Trabajo Cultura y Transformaciones Sociales en Tiempo de Globalización  
245 |a Estudios latinoamericanos sobre cultura y transformaciones sociales en tiempos de globalización /  |c CLACSO. Grupo de Trabajo Cultura y Transformaciones Sociales en Tiempo de Globalización  
260 |a Caracas:   |b CLACSO  
300 |a 267 p  
500 |a Disponible tambien en Cd, en No.194107  
650 |a CAMBIO SOCIAL  
650 |a GLOBALIZACION  
650 |a IDENTIDAD CULTURAL  
650 |a INDUSTRIA CULTURAL  
650 |a MEDIOS DE COMUNICACION DE MASAS  
650 |a PLURALISMO CULTURAL  
650 |a FEMENISMO  
700 |a comp  
710 |a UNESCO   |a ASDI   |a CEAP   |a CONICIT   |a CIPOST  
999 |c 14108  |d 14108